Indian miniature painting / (Record no. 79996)
[ view plain ]
| 000 -LEADER | |
|---|---|
| fixed length control field | 00789nam a2200265 a 4500 |
| 001 - CONTROL NUMBER | |
| control field | 79996 |
| 003 - CONTROL NUMBER IDENTIFIER | |
| rucl marc code | BD-RjUL |
| 005 - DATE AND TIME OF LATEST TRANSACTION | |
| control field | 20220620122543.0 |
| 008 - FIXED-LENGTH DATA ELEMENTS--GENERAL INFORMATION | |
| fixed length control field | 220620s2008 ii a b 000 0 eng |
| 020 ## - INTERNATIONAL STANDARD BOOK NUMBER | |
| International Standard Book Number | 8174363343 |
| International Standard Book Number | 9788174363343 |
| 035 ## - SYSTEM CONTROL NUMBER | |
| System control number | (BD-RjUL)79996 |
| 040 ## - CATALOGING SOURCE | |
| Original cataloging agency | DLC |
| Transcribing agency | DLC |
| Language of cataloging | eng |
| Modifying agency | BD-RjUL |
| 041 ## - LANGUAGE CODE | |
| Language code of text/sound track or separate title | eng |
| 082 ## - DEWEY DECIMAL CLASSIFICATION NUMBER | |
| Edition number | 23 |
| Classification number | 745.670954 |
| Author mark and year | CHI 2008 |
| 100 1# - MAIN ENTRY--PERSONAL NAME | |
| Personal name | Chakraverty, Anjan, |
| Dates associated with a name | 1958- |
| 9 (RLIN) | 3733 |
| 245 10 - TITLE STATEMENT | |
| Title | Indian miniature painting / |
| Statement of responsibility, etc. | Anjan Chakraverty. |
| 260 ## - PUBLICATION, DISTRIBUTION, ETC. (IMPRINT) | |
| Place of publication, distribution, etc. | New Delhi : |
| Name of publisher, distributor, etc. | Lustre Press : Roli Books, |
| Date of publication, distribution, etc. | c2008 |
| 300 ## - PHYSICAL DESCRIPTION | |
| Pagination | 139 p. : |
| Illustrations | ill. ; |
| Size | 24 cm. |
| 504 ## - BIBLIOGRAPHY, ETC. NOTE | |
| Bibliography, etc | Includes bibliographical references. |
| 650 #0 - SUBJECT ADDED ENTRY--TOPICAL TERM | |
| Topical term or geographic name as entry element | Miniature painting, Indic. |
| 9 (RLIN) | 3734 |
| Topical term or geographic name as entry element | Miniature painting, Indic |
| General subdivision | History. |
| 9 (RLIN) | 3735 |
| 942 ## - ADDED ENTRY ELEMENTS (KOHA) | |
| Source of classification or shelving scheme | Dewey Decimal Classification |
| Koha item type | Books |
| Lost status | Source of classification or shelving scheme | Damaged status | Not for loan | Collection code | Permanent Location | Current Location | Shelving location | Date acquired | Source of acquisition | Cost, normal purchase price | Total Checkouts | Full call number | Date last seen | Copy number | Koha item type |
|---|---|---|---|---|---|---|---|---|---|---|---|---|---|---|---|
| Dewey Decimal Classification | Not For Loan | Non-fiction | Central Library, University of Rajshahi | Central Library, University of Rajshahi | Reading Room | 30/05/2022 | Dhaka: BM Book | 6580.00 | 745.670954 CHI 2008 | 20/06/2022 | C-1 | Books |